| 000 | 00456nam a2200157Ia 4500 | ||
|---|---|---|---|
| 001 | IA_HG4521 B84 2006 | ||
| 002 | BUFFETTOLOGiA : LAS TECNICAS JAMAS CONTADAS QUE HA | ||
| 008 | 220117s xx 000 0 und d | ||
| 010 | _a184546 | ||
| 650 |
_aInversión _9156513 |
||
| 650 |
_aInvestment _9154079 |
||
| 700 |
_aClark, David, coaut. _9157260 |
||
| 700 |
_aGispert Ramis, Adrià de, tr. _9157261 |
||
| 942 | _c332.6 B84 2006 | ||
| 999 |
_c184546 _d184546 |
||